Krúžky svetonázorovej výchovy na základnej deväťročnej škole odborno-metodická pomôcka pre učiteľov

Bibliographic Details
Other Authors: Kráľ, Július (Illustrator)
Format: Book
Language:Slovak
PhysicalDescription:94 s. 29 cm
Published: Michalovce Okresné pedagogické stredisko 1978
Edition:1. vyd.
Subjects:

MARC

LEADER 00000cam a2200000 a 4500
001 vtls001103450
003 SK-MaSNL
005 20260301104111.0
008 250313s1978 xo e n 000 0 slo
015 |a SNBA1978 
020 |q (brož.) 
035 |a SNK000046292 
035 |a urn:nbn:sk:snk-aml1gt 
035 |a urn:nbn:sk:snk-am008n2c 
035 |a 6204E15D-3759-4D16-A511-66268D9AADF1 
040 |a SNK  |b slo  |c SNK  |e AACR2 
041 0 |a slo 
044 |a xo  |c SK 
080 |a 37.035(035)  |2 1981 
080 |a 1 100.551(035)  |2 1981 
245 0 0 |a Krúžky svetonázorovej výchovy na základnej deväťročnej škole  |b odborno-metodická pomôcka pre učiteľov  |c Autori: Kol. ; ilustroval Július Kráľ 
250 |a 1. vyd. 
260 |a Michalovce  |b Okresné pedagogické stredisko  |c 1978 
300 |a 94 s.  |c 29 cm 
366 |e 400 výt. 
504 |a Bibliogr. odkazy 
650 0 7 |a svetonázor  |2 SNKPH  |9 27348 
650 0 7 |a výchova  |2 SNKPH  |9 957 
650 0 7 |a základné školy  |2 SNKPH  |9 1280 
650 0 7 |a záujmová činnosť  |2 SNKPH  |9 3674 
655 7 |a metodické príručky  |2 SNKPH  |9 70250 
700 1 |a Kráľ, Július  |4 ill  |9 442300 
852 |a Slovenská národná knižnica 
958 |a OND 
958 |a NB 
999 |c 697245  |d 699175 
952 |a SNK  |b SNK  |y PREZ  |7 0  |p 17A0992162  |o snkSB 32544  |i snkKSP 9335/81  |0 0  |1 0  |4 0  |d 2014-11-21  |f 1  |l 0  |r 2025-04-07 00:00:00  |w 2026-02-23